Catálogo público

Desarrollo de una mantequilla de cacahuate (Arachis hypogaea L.) baja en grasa / (Record no. 177550)

MARC details
000 -CABECERA
campo de control de longitud fija 04532nam a2200433 a 4500
001 - NÚMERO DE CONTROL
campo de control dia_6567
003 - IDENTIFICADOR DEL NÚMERO DE CONTROL
campo de control CHAP
005 - FECHA Y HORA DE LA ÚLTIMA TRANSACCIÓN
campo de control 20240813102008.0
007 - CAMPO FIJO DE DESCRIPCIÓN FÍSICA--INFORMACIÓN GENERAL
campo de control de longitud fija ta
008 - DATOS DE LONGITUD FIJA--INFORMACIÓN GENERAL
campo de control de longitud fija 220117s2017 mx abd frm 001 0 spa d
010 ## - NÚMERO DE CONTROL DE LA BIBLIOTECA DEL CONGRESO
Número de control de LC 177550
040 ## - FUENTE DE LA CATALOGACIÓN
Centro catalogador/agencia de origen mxchpua
Centro/agencia transcriptor CHAP
041 0# - CÓDIGO DE LENGUA
Código de lengua del texto/banda sonora o título independiente spa
Código de lengua del sumario o resumen eng
090 ## - LOCALMENTE ASIGNADO TIPO-LC NÚMERO DE CLASIFICACIÓN (OCLC); NÚMERO DE CLASIFICACIÓN LOCAL (RLIN)
Número de clasificación (OCLC) (R) ; Numero de clasificación, CALL (RLIN) (NR) Tesis
Número cutter local (OCLC) ; Número de libro/Signatura topográfica íntegra, CALL (RLIN) S263
año 2017
100 ## - ENTRADA PRINCIPAL--NOMBRE DE PERSONA
Nombre de persona Sánchez de la Rosa, Valeria
240 10 - TÍTULO UNIFORME
Título uniforme Development of a peanut butter (Arachis hypogaea L.) low in fat.
Lenguaje de la obra Español
245 10 - MENCIÓN DE TÍTULO
Título Desarrollo de una mantequilla de cacahuate (Arachis hypogaea L.) baja en grasa /
Mención de responsabilidad, etc. Valeria Sánchez de la Rosa
264 ## - PRODUCCIÓN, PUBLICACIÓN, DISTRIBUCIÓN, FABRICACIÓN Y COPYRIGHT
Producción, publicación, distribución, fabricación y copyright Chapingo, México :
Nombre del de productor, editor, distribuidor, fabricante El autor,
Fecha de producción, publicación, distribución, fabricación o copyright 2017
300 ## - DESCRIPCIÓN FÍSICA
Extensión 65 hojas :
Otras características físicas ilustraciones, tablas, gráficas, mapas
336 ## - TIPO DE CONTENIDO
Fuente rdacontent
Término de tipo de contenido texto
Código de tipo de contenido txt
337 ## - TIPO DE MEDIO
Fuente rdamedia
Nombre/término del tipo de medio no mediado
Código del tipo de medio n
338 ## - TIPO DE SOPORTE
Fuente rdacarrier
Nombre/término del tipo de soporte volumen
Código del tipo de soporte nc
502 ## - NOTA DE TESIS
Nota de tesis Tesis
Tipo de título (Ingeniero Agroindustrial) --
Nombre de la institución que otorga el título UACh. Departamento de Ingeniería Agroindustrial,
Año de obtención del título 2017
504 ## - NOTA DE BIBLIOGRAFÍA, ETC.
Nota de bibliografía, etc. Bibliografía: hojas 52-64
520 3# - SUMARIO, ETC.
Sumario, etc. Cada día las exigencias de los consumidores se dirigen más a la búsqueda de nuevos productos que puedan proporcionar además del valor nutritivo, otros compuestos con actividad fisiológica que permitan un mejor estado tanto físico como mental, reduciendo el riesgo de enfermedades crono degenerativas, para mantener la salud (Cortés et al., 2005). Las proteínas del lactosuero han cobrado importancia en la industria alimentaria por presentar interesantes propiedades funcionales y tecnológicas (emulsionantes, gelificantes, espumantes, etc.) además de su alto valor nutritivo (Díaz et al., 2009). En la presente investigación se estudió el efecto de la incorporación del aislado de proteína de lactosuero (WPI: Whey Protein Isolate) en la formulación de una mantequilla de cacahuate con bajo contenido graso y se estudiaron las propiedades físico- químicas y sensoriales, sustituyéndose al 3.6, 10, 15 y 20 % (p / p). A todos los tratamientos (M0A1.8L, M1.8A0L, M3.6WPI, M10WPI, M15WPI, M 20WPI) junto con el control (MC1.8 A1.8 L) se les determino el análisis proximal (proteína, grasa, humedad, cenizas), análisis instrumental de textura (TPA) y evaluación sensorial. Todos los tratamientos difirieron (p ? 0.05) en el análisis proximal, dependiendo del grado de sustitución de WPI. Las mantequillas de cacahuate con WPI mostraron características texturales similares a las exhibidas por el control. El tratamiento M10WPI, mostro el mayor nivel de aceptación por parte del consumidor.
520 3# - SUMARIO, ETC.
Sumario, etc. Every day the demands of consumers are directed to the search of new products that can provide in addition to the nutritional value, other compounds with physiological activity that offers better physical and mental state to the consumer, reducing the risk of chrono degenerative diseases (Cortés et al., 2005). Whey proteins have gained importance in the food industry because they present interesting functional and technological properties (emulsifiers, gelling agents, foaming agents, etc.) as well as their high nutritional value. (Díaz et al., 2009). In the present research the effect of the incorporation of the whey protein isolate (WPI: Whey Protein Isolate) in the formulation of a low fat peanut butter and the physicochemical and the sensory properties were studied, substituting 3.6, 10, 15 and 20 % (w / w). For all treatments (M0A1.8L, M1.8A0L, M3.6WPI, M10WPI, M15WPI, M 20WPI) and the control (MC1.8 A1.8 L) proximal analysis (protein, fat, moisture, ashes), instrumental texture analysis (TPA) and sensory evaluation were determied. All treatments differed (p ? 0.05) in the proximal analysis, depending on the degree of WPI substitution. The peanut butters with WPI showed textural characteristics similar to those exhibited by the control. The M10WPI treatment, showed the highest level of acceptance by the consumer.
650 13 - PUNTO DE ACCESO ADICIONAL DE MATERIA--TÉRMINO DE MATERIA
Término de materia o nombre geográfico como elemento de entrada Mantequilla de maní
Subdivisión general Propiedades sensoriales
Fuente del encabezamiento o término atg
650 13 - PUNTO DE ACCESO ADICIONAL DE MATERIA--TÉRMINO DE MATERIA
Término de materia o nombre geográfico como elemento de entrada Mantequilla de maní
Subdivisión general Propiedades fisicoquímicas
Fuente del encabezamiento o término atg
650 13 - PUNTO DE ACCESO ADICIONAL DE MATERIA--TÉRMINO DE MATERIA
Término de materia o nombre geográfico como elemento de entrada Peanut butter
Subdivisión general Physicochemical properties
Fuente del encabezamiento o término atg
650 13 - PUNTO DE ACCESO ADICIONAL DE MATERIA--TÉRMINO DE MATERIA
Término de materia o nombre geográfico como elemento de entrada Peanut butter
Subdivisión general Sensory properties
Fuente del encabezamiento o término atg
700 1# - PUNTO DE ACCESO ADICIONAL--NOMBRE DE PERSONA
Nombre de persona Ramírez Santiago, César
Término indicativo de función/relación director
700 1# - PUNTO DE ACCESO ADICIONAL--NOMBRE DE PERSONA
Nombre de persona Hernández Rodríguez, Landy
Término indicativo de función/relación asesor
700 1# - PUNTO DE ACCESO ADICIONAL--NOMBRE DE PERSONA
Nombre de persona Velázquez Varela, José
Término indicativo de función/relación asesor
856 41 - LOCALIZACIÓN Y ACCESO ELECTRÓNICOS
Identificador Uniforme del Recurso <a href="http://10.13.5.2/tesis/sist113855.pdf">http://10.13.5.2/tesis/sist113855.pdf</a>
Texto de enlace DESCARGAR PDF
901 ## - ELEMENTOS DE DATOS A LOCAL LDA (RLIN)
a TESIS S263 2017
942 ## - ELEMENTOS DE PUNTO DE ACCESO ADICIONAL (KOHA)
Tipo de ítem Koha TESIS
Fuente del sistema de clasificación o colocación Clasificación Universidad Autónoma Chapingo
902 ## - ELEMENTOS DE DATOS B LOCAL, LDB (RLIN)
a M
905 ## - ELEMENTOS DE DATOS E LOCAL, LDE (RLIN)
a 5232272017 mx nml 8223123322spa16
Holdings
Estado de retiro Estado de pérdida Fuente del sistema de clasificación o colocación Estado dañado Restricciones de uso No para préstamo Código de colección Localización permanente Ubicación/localización actual Fecha de adquisición Fuente de adquisición Total de préstamos Signatura topográfica completa Código de barras Fecha visto por última vez Número de copia Precio válido a partir de Tipo de ítem Koha Ubicación en estantería
    Clasificación Universidad Autónoma de Chapingo   Préstamo interno   Tesis Ingenieria Agroindustrial Ingenieria Agroindustrial 18/01/2017 El autor   Tesis S263 2017 1101010819 18/01/2022 Ej.3 18/01/2017 CD  
    Clasificación Universidad Autónoma de Chapingo   Préstamo interno   Tesis Ingenieria Agroindustrial Ingenieria Agroindustrial 18/01/2017 El autor   Tesis S263 2017 1101010817 02/02/2026 Ej.1 18/01/2017 Tesis  
    Clasificación Universidad Autónoma de Chapingo   Préstamo interno   Tesis Ingenieria Agroindustrial Ingenieria Agroindustrial 18/01/2017 El autor   Tesis S263 2017 1101010818 18/01/2022 Ej.2 18/01/2017 CD  
    Clasificación Universidad Autónoma de Chapingo       Tesis digitales de Licenciatura Ingenieria Agroindustrial Ingenieria Agroindustrial 02/08/2024 El autor     1201010817 02/08/2024   02/08/2024 Tesis digital En línea